Bezarbitrážne oceňovanie finančných derivátov

Guardado en:
Detalles Bibliográficos
Autor principal: Sokolová, Kristína (Autor)
Otros Autores: Zákopčan, Michal (Orientador)
Formato: Manuscrito Libro
Lenguaje:eslovaco
Publicado: 2018
Materias:
Acceso en línea:http://is.stuba.sk/zp/portal_zp.pl?podrobnosti=123428
Etiquetas: Agregar Etiqueta
Sin Etiquetas, Sea el primero en etiquetar este registro!

MARC

LEADER 00000ntm a22000003a 4500
001 stuzp66292
003 SK-STU
005 20181126120745.9
007 ta
008 150427s2015----xo-----f-mn---000-0-slo-d
040 |a STU  |b slo 
041 0 |a slo 
044 |a xo 
100 1 |a Sokolová, Kristína  |u 035000  |4 aut  |U FEI Fakulta elektrotechniky a informatiky  |T FEI Ústav informatiky a matematiky  |X 80095  |U E050  |Y 816  |7 80095 
242 0 1 |a No-arbitrage pricing of financial derivatives  |y eng 
245 1 0 |a Bezarbitrážne oceňovanie finančných derivátov 
260 |c 2018 
300 |a 49 s., príl.,  |b DVD 
650 4 |a No-arbitrage pricing  |2 eng 
650 4 |a Options  |2 eng 
650 4 |a Financial derivatives  |2 eng 
650 4 |a Finančné deriváty  |2 slo 
650 4 |a Bezarbitrážne oceňovanie  |2 slo 
650 4 |a Opcie  |2 slo 
700 1 |a Zákopčan, Michal  |u 035000  |k Z1  |4 ths  |U FEI Fakulta elektrotechniky a informatiky  |T FEI Ústav informatiky a matematiky  |X 71655  |U E050  |Y 816  |7 A000071655 
856 4 |u http://is.stuba.sk/zp/portal_zp.pl?podrobnosti=123428 
996 |b 284ER02754  |c E*Bc- 2754  |l EE35  |s P  |a 0  |w stuzp66292_0001